000 00312nam a22001337a 4500
008 170928b xxu||||| |||| 00| 0 eng d
020 _a9780312436575
041 _aeng
080 _24TH
_a37
100 _a47
101 _aEDU
245 _aA COMMONSENSE GUIDE TO GRAMMAR AND USAGE
_cBEASON,L
942 _2udc
_cBK
999 _c30535
_d30535